Ghost of Yotei - The Yotei Six - Statistics

General Stats
  • This quiz has been taken 89 times
  • The average score is 6 of 6
Answer Stats
Answers % Correct
The Snake
99%
The Kitsune
96%
The Dragon
93%
The Oni
93%
The Spider
93%
Lord Saito
87%
No matching quizzes found
Score Distribution
Percent of People with Each Score
Percentile by Number Answered
Your Score History
You have not taken this quiz